00433 a2200121 4500001001000000005001700010008004100027245011600068100002200184700003800206773005000244999001700294ART_4988120260410161843.0260409a 10aDaños y prejuicios sufridos por personal de las FF.AA., GNA, PNA, SPF, PFA relacionados con actos de servicio1 aTorres, Ismael F.1 aFuria de Torres, Lilian Alicia G.0 tRAPg- Año 41, Nº 491 (ago. 2019)wREV5941 c24299d24299